Statistics for the 1 - Taylor Swift (All Lyrics)

Click here to take the quiz!

General Stats

  • This quiz has been taken 2,554 times
  • The average score is 271 of 307

Answer Stats

Answer% Correct
I
100%
on
99%
the
99%
You
99%
you
99%
be
98%
by
98%
been
97%
Been
97%
in
97%
In
97%
It
97%
it
97%
me
97%
one
97%
so
97%
some
97%
if
96%
If
96%
would
96%
and
95%
And
95%
no
95%
We
95%
we
95%
were
94%
have
93%
I'm
93%
of
93%
to
93%
But
92%
my
92%
new
92%
shit
92%
would've
92%
doin
91%
don't
91%
fun
91%
good
91%
never
91%
think
91%
something
90%
sayin
89%
yes
89%
didn't
88%
instead
88%
all
87%
at
87%
bus
87%
know
87%
pool
87%
saw
87%
stop
87%
though
87%
true
87%
your
87%
came
86%
time
86%
wishes
86%
thought
85%
had
84%
now
84%
pennies
84%
greatest
83%
none
83%
you're
83%
alone
82%
defense
82%
it's
82%
should
82%
thing
82%
different
81%
made
81%
tossing
81%
really
80%
are
79%
films
79%
her
79%
could've
78%
everything
78%
gonna
78%
grow
78%
home
78%
over
78%
take
78%
twenties
78%
wanted
78%
ask
77%
baby
77%
count
77%
internet
77%
loves
77%
numbers
77%
resist
77%
Roaring
77%
guess
76%
making
76%
today
76%
up
76%
well
76%
woman
76%
alright
75%
meet
75%
Sunday
75%
bleed
74%
cool
74%
night
74%
showed
74%
another
73%
enough
73%
hit
73%
leaving
73%
own
73%
sweet
73%
day
72%
dream
72%
For
72%
temptation
72%
doing
71%
each
71%
persist
71%
painted
70%
waking
70%
family
69%
ground
69%
matinee
69%
running
69%
this
69%
adventures
68%
Having
67%
chosen
65%
with
62%
digging
56%
grave
56%
Rose
52%
flowing
48%

Score Distribution

Percentile by Number Answered

Percent of People with Each Score

Your Score History

You have not taken this quiz